[Event "IHEM"]
[Site "Hamburg GER"]
[Date "2001.06.09"]
[Round "8"]
[White "Dave,Shr"]
[Black "Engelbert,C"]
[Result "0-1"]
[WhiteElo "2134"]
[BlackElo "2238"]

1.d4 g6 2.e4 Bg7 3.Nc3 d6 4.Be3 Nf6 5.f3 c6 6.a4 Nbd7 7.Bc4 Qa5 8.Qd2 d5
9.Bb3 dxe4 10.Nxe4 Qxd2+ 11.Nxd2 O-O 12.Ne2 Nd5 13.Bf2 Bh6 14.c3 b6 15.Nc4 Bb7
16.O-O a6 17.Rfe1 Rac8 18.Ng3 Ba8 19.Ne3 Nxe3 20.Bxe3 Bxe3+ 21.Rxe3 e6 22.Ne4 c5
23.dxc5 Bxe4 24.Rxe4 Nxc5 25.Rb4 Rb8 26.Rd1 b5 27.axb5 a5 28.Ra4 Nxb3 29.c4 Rfd8
30.Rxd8+ Rxd8 31.Ra3 Rd1+ 32.Kf2 Rd2+ 33.Ke3 Rxb2 34.b6 Kg7 35.Kd3 Nc5+ 36.Kd4 Nb7
37.c5 Rc2 38.Rc3 Rxc3 39.Kxc3 Nxc5  0-1

[Event "White Nights"]
[Site "St Petersburg RUS"]
[Date "2001.06.09"]
[Round "1"]
[White "Krassilnikov,E"]
[Black "Zakharevich,I"]
[Result "1-0"]
[WhiteElo "2257"]
[BlackElo "2487"]

1.e4 g6 2.d4 Bg7 3.Nc3 d6 4.g3 Nc6 5.Be3 Nf6 6.h3 e5 7.dxe5 Nxe5 8.f4 Nc6
9.Bg2 O-O 10.Nge2 Re8 11.Qd3 Nb4 12.Qd2 Bd7 13.a3 Nc6 14.O-O Na5 15.Qd3 d5
16.e5 Bf5 17.Qd1 Nc4 18.Bc1 Nd7 19.Nxd5 Ndb6 20.g4 Bc8 21.b3 Nxd5 22.Qxd5 Qxd5
23.Bxd5 Nb6 24.Bf3 f6 25.exf6 Bxf6 26.Rb1 c6 27.Bd2 Nd5 28.c4 Ne3 29.Rfc1 h5
30.Bxe3 hxg4 31.hxg4 Rxe3 32.Kf2 Re7 33.Rd1 Be6 34.Rd3 a5 35.a4 Rh7 36.Kg3 Bh4+
37.Kg2 Be7 38.Ng3 Rd8 39.Rxd8+ Bxd8 40.Re1 Kf7 41.Ne4 Be7 42.Rd1 Rh8 43.Nd6+ Bxd6
44.Rxd6 Rb8 45.Kg3 Ke7 46.Rd3 b5 47.Bxc6 bxc4 48.bxc4 Rb4 49.Re3 Kd6 50.Be8 Bxc4
51.Re5  1-0

[Event "2nd IECC"]
[Site "Ohrid MKD"]
[Date "2001.06.11"]
[Round "10"]
[White "Brendel,O"]
[Black "Petrov,M"]
[Result "0-1"]
[WhiteElo "2389"]
[BlackElo "2425"]

1.e4 g6 2.d4 Bg7 3.Nc3 d6 4.f4 a6 5.Nf3 b5 6.Bd3 e6 7.e5 Ne7 8.O-O Bb7 9.a4 bxa4
10.Ne4 Bxe4 11.Bxe4 d5 12.Bd3 c5 13.c3 O-O 14.Rxa4 Qb6 15.dxc5 Qxc5+ 16.Kh1 a5
17.Qe2 Nd7 18.Be3 Qc7 19.Rfa1 Nc5 20.Bxc5 Qxc5 21.Nd4 Rfb8 22.Nb5 Nc6 23.g3 Bf8
24.Kg2 Qb6 25.h4 Rd8 26.Nd4 Nxd4 27.Rxd4 Rdb8 28.Ra2 a4 29.Bc2 a3 30.b4 Qc6
31.Qf3 Rc8 32.c4 Bxb4 33.h5 Qb6 34.Rd1 Rxc4 35.hxg6 hxg6 36.Bd3 Rc3 37.g4 Be7
38.f5 Qb3 39.Raa1 Qb2+ 40.Kh1 a2  0-1

[Event "White Nights"]
[Site "St Petersburg RUS"]
[Date "2001.06.13"]
[Round "5"]
[White "Bedny,Y"]
[Black "Pronin,Va"]
[Result "1-0"]
[WhiteElo "2292"]
[BlackElo "2096"]

1.e4 g6 2.d4 Bg7 3.Nc3 d6 4.Be3 Nf6 5.f3 O-O 6.Qd2 e5 7.d5 c6 8.O-O-O Qa5
9.Kb1 Rd8 10.g4 Na6 11.h4 h5 12.Bg5 hxg4 13.h5 gxh5 14.Bxf6 Bxf6 15.Rxh5 Bg7
16.Bxa6 bxa6 17.Nge2 Bd7 18.Rdh1 f6 19.Rh7 Rf8 20.Ng3 Rac8 21.Qh2 f5 22.Rxg7+ Kxg7
23.Qh7+ Kf6 24.Nh5+  1-0

[Event "2nd IECC"]
[Site "Ohrid MKD"]
[Date "2001.06.14"]
[Round "13"]
[White "Piket,Je"]
[Black "Bischoff,K"]
[Result "1-0"]
[WhiteElo "2628"]
[BlackElo "2533"]

1.d4 g6 2.e4 Bg7 3.Nc3 d6 4.Be3 a6 5.Qd2 Nd7 6.Nf3 h6 7.O-O-O e6 8.h4 Ne7
9.e5 dxe5 10.dxe5 b6 11.h5 g5 12.Nxg5 hxg5 13.Bxg5 Bb7 14.f4 Bh6 15.Bxh6 Rxh6
16.Rh3 Nd5 17.g4 Qe7 18.Bg2 O-O-O 19.Bxd5 exd5 20.Nxd5 Qe6 21.Nxc7 Qxg4 22.Rc3 Kb8
23.e6 fxe6 24.f5 Rhh8 25.Nxe6 Rc8 26.Qh2+ Ka8 27.Rxd7 Qxf5 28.Nc7+ Ka7 29.Qd2 Rxh5
30.b3 Qe5 31.Nd5 Rc5 32.Qf2 Rf5 33.Qh4 Rxc3 34.Nxc3 Rf3 35.Qe4 Qxe4 36.Nxe4 Kb8
37.Nd6 Bc6 38.Re7 b5 39.a3 Rf6 40.Nf7 Bb7 41.Ne5 Rf5 42.Kd2 Rf2+ 43.Kd3 Rh2
44.Kc3 Be4 45.Nd7+ Kc7 46.Nf6+  1-0

[Event "5th Open"]
[Site "Voronezh RUS"]
[Date "2001.06.14"]
[Round "3"]
[White "Alavkin,A"]
[Black "Lukovnikov,A"]
[Result "1/2-1/2"]
[WhiteElo "2466"]
[BlackElo "2374"]

1.e4 g6 2.d4 Bg7 3.Nc3 d6 4.f4 c6 5.Nf3 Bg4 6.Be3 Qa5 7.Be2 Nd7 8.O-O Bxf3
9.Bxf3 e6 10.d5 cxd5 11.exd5 e5 12.Ne4 Qc7 13.Qe2 Ngf6 14.Qc4 Kd8 15.Qxc7+ Kxc7
16.Nc3 a6 17.Rae1 Rae8 18.Bc1 h6 19.h3 Re7 20.Re2 Rhe8 21.Rfe1 Ng8 22.Nd1 f5
23.g4 exf4 24.Rxe7 Rxe7 25.Rxe7 Nxe7 26.Bxf4 fxg4 27.hxg4 Nb6 28.Bd2 Nc4
29.Bc1 Ne5 30.Be2 Nxd5 31.a3 g5 32.Ne3 Nxe3 33.Bxe3 Nc6 34.Bc1 d5 35.Kg2 Kd6
36.Bd3 Be5 37.b4 b5 38.a4 bxa4 39.b5 axb5 40.Bxb5 Kc5 41.Bxa4 Nd8 42.Ba3+ Kd4
43.Bd7 Bf4 44.Bf8 Nb7 45.Bg7+ Kc4 46.Bxh6 Nc5 47.Bf5 d4 48.Kf3 Na4 49.Bd3+ Kc3
50.Bf8 Nb2 51.Ke2 Nxd3  1/2-1/2

[Event "White Nights"]
[Site "St Petersburg RUS"]
[Date "2001.06.16"]
[Round "8"]
[White "Kochyev,A"]
[Black "Inarkiev,E"]
[Result "1/2-1/2"]
[WhiteElo "2424"]
[BlackElo "2469"]

1.d4 g6 2.e4 Bg7 3.Nc3 d6 4.Be3 Nd7 5.Qd2 c6 6.f4 b5 7.Nf3 Nb6 8.b3 Nf6 9.Bd3 O-O
10.f5 b4 11.Ne2 gxf5 12.exf5 Kh8 13.h3 Bb7 14.Bh6 Rg8 15.Bxg7+ Rxg7 16.g4 c5
17.Rf1 Rc8 18.dxc5 dxc5 19.O-O-O Qc7 20.g5 Nfd7 21.f6 exf6 22.gxf6 Nxf6 23.Qh6 c4
24.Bf5 Ng8 25.Qh4 Re8 26.Nfd4 Qe7 27.Qxe7 Rxe7 28.Nf4 Nh6 29.Rde1 Nd5 30.Rxe7 Nxe7
31.Bd7 c3 32.a3 a5 33.axb4 axb4 34.Nd3 Ba6 35.Bb5 Bxb5 36.Nxb5 Nd5 37.Nd4 Rg6
38.Kb1 Kg7 39.Rd1 Ng8 40.Nf5+ Kf8 41.Re1 Rf6 42.Re5 Nge7 43.Nxe7 Nxe7 44.Nxb4 Rf3
45.Rh5 Kg7 46.Nd3 Nf5 47.Rg5+ Kf6 48.Rg4 Rf1+ 49.Ka2 Ne3 50.Re4 Nxc2 51.b4 Rd1
52.Kb3 Rxd3 53.Kxc2 Rxh3 54.b5 Rg3 55.b6 Rg8 56.Kxc3 Rb8 57.Rb4 Ke6 58.Kc4 f5
59.Kc5 Ke5  1/2-1/2

[Event "White Nights"]
[Site "St Petersburg RUS"]
[Date "2001.06.16"]
[Round "8"]
[White "Yemelin,V"]
[Black "Chepukaitis,G"]
[Result "0-1"]
[WhiteElo "2522"]
[BlackElo "2403"]

1.e4 g6 2.d4 Bg7 3.Nc3 d6 4.f4 a6 5.Nf3 b5 6.Bd3 Nd7 7.e5 c5 8.Ng5 Nh6 9.e6 Nf6
10.dxc5 dxc5 11.Be3 Qc7 12.Qf3 Rb8 13.f5 fxe6 14.fxg6 O-O 15.Nxh7 Nxh7 16.Qh3 Nf6
17.Bxh6 c4 18.O-O Bxh6 19.Qxh6 Qc5+ 20.Kh1 Qh5 21.Qxh5 Nxh5 22.Rxf8+ Kxf8
23.Be2 Nf6 24.h4 Kg7 25.h5 b4 26.Na4 Rb5 27.g4 Rg5 28.Rg1 e5 29.Rg3 Nxh5
30.Re3 Nf6 31.Nc5 a5 32.Kh2 e4 33.Nxe4 Re5 34.Bf3 Bxg4 35.Nxf6  0-1

[Event "White Nights"]
[Site "St Petersburg RUS"]
[Date "2001.06.17"]
[Round "9"]
[White "Solovjov,S"]
[Black "Zakharevich,I"]
[Result "1-0"]
[WhiteElo "2430"]
[BlackElo "2487"]

1.e4 g6 2.d4 Bg7 3.Nc3 d6 4.f4 c5 5.dxc5 Bxc3+ 6.bxc3 dxc5 7.Qxd8+ Kxd8 8.Bc4 e6
9.Nf3 Nc6 10.O-O Nf6 11.Ne5 Ke8 12.Nxc6 bxc6 13.Re1 Nd7 14.e5 Rb8 15.Be3 Rb6
16.a4 g5 17.a5 Rb2 18.Bb3 c4 19.Bxc4 Rxc2 20.Bxa7 Bb7 21.fxg5 c5 22.Bf1 Ke7
23.Rab1 Bd5 24.c4 Bc6 25.Bb6 Ra8 26.Rb3 Nxb6 27.Rxb6 Kd7 28.Rxc6  1-0

[Event "Savic-Mauzer Mem"]
[Site "Bijeljina YUG"]
[Date "2001.06.19"]
[Round "4"]
[White "Sekulic,V"]
[Black "Ianov,V"]
[Result "0-1"]
[WhiteElo "2305"]
[BlackElo "2386"]

1.e4 d6 2.d4 g6 3.Nc3 Bg7 4.Be3 a6 5.Qd2 Nd7 6.a4 b6 7.f3 Bb7 8.Nge2 e6 9.g4 Ngf6
10.Ng3 h5 11.g5 Nh7 12.Bh3 O-O 13.O-O c5 14.dxc5 Nxc5 15.Nge2 Rc8 16.Rad1 Re8
17.Bg2 d5 18.exd5 exd5 19.f4 Qe7 20.Bd4 Ne4 21.Nxe4 dxe4 22.Bxg7 Kxg7 23.c3 e3
24.Qd4+ Kg8 25.Bxb7 Qxb7 26.Qd5 Qe7 27.h4 Nf8 28.b4 Red8 29.Qf3 Rd2 30.f5 Rc4
31.Nd4 Rcxd4 32.cxd4 e2 33.Rxd2 e1=Q 34.Rf2 Q1e3 35.Qd5 Qd7 36.Qa2 Qxf5  0-1

[Event "TCh-Europe Boys U18"]
[Site "Balatonlelle HUN"]
[Date "2001.06.22"]
[Round "1"]
[White "Zaragatski,I"]
[Black "Firman,N"]
[Result "0-1"]
[WhiteElo "2209"]
[BlackElo "2517"]

1.e4 g6 2.d4 Bg7 3.Nc3 d6 4.f4 Nf6 5.Bd3 O-O 6.Nf3 Na6 7.O-O c5 8.d5 Bg4
9.Kh1 Nc7 10.a4 e6 11.dxe6 Nxe6 12.Be3 d5 13.f5 dxe4 14.Nxe4 Nd5 15.Bf2 gxf5
16.Nxc5 Bxb2 17.Bc4 Ndf4 18.Rb1 Qxd1 19.Rfxd1 Nxc5 20.Bxc5 Rfc8 21.Rd7 Bh5
22.Be3 Rxc4 23.Rxb2 b6 24.a5 bxa5 25.Rxa7 Rxa7 26.Bxa7 Bxf3 27.gxf3 a4 28.Bb8 Kg7
29.Bxf4 Rxf4 30.Kg2 Rc4 31.Ra2 Kf6 32.Kf2 Ke5 33.Ke3 Rc3+ 34.Kd2 Rxf3 35.Rxa4 Rf2+
36.Ke3 Rxc2 37.Ra5+ Kf6 38.Kf4 Rc4+ 39.Kf3 Kg5 40.Ra3 h5 41.Rb3 Rc2 42.Rb7 Rc3+
43.Kf2 f6 44.Rb2 Kg4 45.Kg2 f4 46.Ra2 h4 47.Ra6 h3+ 48.Kf2 Rc2+ 49.Kg1 Rg2+
50.Kh1 Rd2 51.Ra1 f3 52.Kg1 Rg2+ 53.Kh1 Re2 54.Rb1 Kg5 55.Ra1 f5 56.Kg1 Rg2+
57.Kh1 f2 58.Rb1 Rg4 59.Ra1 Re4  0-1

[Event "12th Open"]
[Site "Ljubljana SLO"]
[Date "2001.06.24"]
[Round "2"]
[White "Srebrnic,M"]
[Black "Sermek,D"]
[Result "0-1"]
[WhiteElo "2151"]
[BlackElo "2525"]

1.e4 g6 2.d4 Bg7 3.Nc3 d6 4.Nf3 a6 5.Be3 b5 6.Bd3 Bb7 7.Qd2 Nd7 8.a4 b4 9.Ne2 a5
10.Ng3 c5 11.c3 cxd4 12.cxd4 Ngf6 13.Bh6 O-O 14.Bxg7 Kxg7 15.O-O d5 16.Rfe1 dxe4
17.Nxe4 Bxe4 18.Bxe4 Nxe4 19.Rxe4 Nf6 20.Ree1 Rc8 21.Rac1 Qd7 22.b3 Rxc1
23.Rxc1 Ne4 24.Qe3 Nc3 25.Re1 Nd5 26.Qe4 Rc8 27.Ne5 Qe6 28.Nc4 Qxe4 29.Rxe4 Nb6
30.Nd2 Rc1+ 31.Nf1 Nd5 32.Re5 e6 33.g3 Rd1 34.Kg2 Rxd4 35.Ne3 Kf6 36.f4 Rd2+
37.Kh3 Rd3 38.Nxd5+ Rxd5 39.Re3 h5 40.Kg2 Rd2+ 41.Kg1 Ke7 42.h3 f6 43.g4 hxg4
44.hxg4 Rd4 45.Rf3 g5 46.fxg5 Rxg4+  0-1

[Event "12th Open"]
[Site "Ljubljana SLO"]
[Date "2001.06.28"]
[Round "6"]
[White "Pavasovic,D"]
[Black "Praznik,A"]
[Result "0-1"]
[WhiteElo "2515"]
[BlackElo "2211"]

1.e4 g6 2.d4 Bg7 3.Nc3 d6 4.Be3 c6 5.Qd2 Nd7 6.Nf3 Qc7 7.Bd3 b5 8.O-O Ngf6
9.Bh6 O-O 10.Ne2 e5 11.c3 a6 12.Ng3 c5 13.Rad1 Nb6 14.Bxg7 Kxg7 15.dxe5 dxe5
16.Qg5 Bg4 17.Nh4 Nbd7 18.Rd2 Be6 19.Bb1 Kh8 20.Rfd1 Rab8 21.h3 Rfe8 22.Kh2 Rb6
23.b3 a5 24.Qh6 a4 25.Bc2 axb3 26.axb3 Ra6 27.Nhf5 Bxf5 28.exf5 e4 29.Bxe4 Ne5
30.Qh4 g5 31.Qxg5 Nxe4 32.Qf4 Nxd2 33.Rxd2 f6 34.Qh4 Rd6 35.Ra2 Rg8 36.f4 Nd7
37.Ne4 Rc6 38.Rd2 c4 39.b4 Rf8 40.Qh6 Rf7 41.Re2 Qd8 42.Ng5 fxg5 43.Qxc6 gxf4
44.Rd2 Qe7 45.Qxb5 Ne5 46.Ra2 Rxf5 47.Ra8+ Kg7 48.Qb8 Nf3+  0-1

[Event "Narciso Yepes"]
[Site "Lorca ESP"]
[Date "2001.06.28"]
[Round "7"]
[White "Ibarra Jerez,JC"]
[Black "Vassallo,M"]
[Result "1/2-1/2"]
[WhiteElo "2238"]
[BlackElo "2460"]

1.e4 g6 2.d4 Bg7 3.Nc3 d6 4.Nf3 Nf6 5.Be2 O-O 6.O-O c5 7.dxc5 dxc5 8.Be3 b6
9.Qc1 Bb7 10.Rd1 Qc8 11.Nd5 Nc6 12.Bb5 Nxd5 13.exd5 Nd4 14.Nxd4 cxd4 15.Bxd4 Bxd4
16.Rxd4 Qc5 17.Rh4 Qxd5 18.f3 Qc5+ 19.Kh1 h5 20.Bd3 Kg7 21.b4 Qe5 22.Qe1 Qxe1+
23.Rxe1 e6 24.Rd4 Rfd8 25.Rxd8 Rxd8 26.Kg1 Bd5 27.Kf2 Rc8 28.Ke3 e5 29.Kd2 Kf6
30.a4 Bc4 31.Re4 Bd5 32.Re1 g5 33.Rc1 Bc4 34.Kc3 Bxd3+ 35.Kxd3 Rd8+ 36.Ke3 Ke6
37.c4 Rd4 38.c5 bxc5 39.bxc5 Rd7 40.h4 gxh4 41.Rc4 Rc7 42.Rxh4 Rxc5 43.Rxh5 Rc3+
44.Kf2 Rc2+ 45.Kf1 Rc4 46.a5 Rc1+ 47.Kf2 Rc2+ 48.Kf1  1/2-1/2

[Event "Narciso Yepes"]
[Site "Lorca ESP"]
[Date "2001.06.28"]
[Round "7"]
[White "Rodriguez Guerrero,E"]
[Black "Burgos,M"]
[Result "1-0"]
[WhiteElo "2257"]
[BlackElo "2140"]

1.e4 d6 2.d4 g6 3.Nc3 Bg7 4.Bc4 Nf6 5.Qf3 O-O 6.Nge2 c6 7.a4 Nbd7 8.a5 e5
9.d5 Qc7 10.dxc6 bxc6 11.O-O h6 12.Rd1 Nc5 13.b4 Ncxe4 14.Nxe4 Nxe4 15.Qxe4 d5
16.Qh4 g5 17.Qh5 dxc4 18.h4 f6 19.Be3 Bf5 20.c3 Rad8 21.Bc5 Rf7 22.Ng3 Bd3
23.Re1 Bh7 24.Qg4 Qc8 25.Qxc4 Bd3 26.Qa2 Rd7 27.hxg5 hxg5 28.Ne4 Bxe4 29.Rxe4 Kh7
30.g4 Bf8 31.Be3 Rfe7 32.Kg2 Bh6 33.Rh1 Kg7 34.Bc5 Re8 35.Qe2 Red8 36.Re3 Rd2
37.Qf3 R2d7 38.Rxh6 Kxh6 39.Qxf6+ Kh7 40.Rh3+ Kg8 41.Rh8+  1-0

[Event "ch-NED Women"]
[Site "Leeuwarden NED"]
[Date "2001.06.29"]
[Round "9"]
[White "Sziva,E"]
[Black "Bosboom Lanchava,T"]
[Result "1/2-1/2"]
[WhiteElo "2331"]
[BlackElo "2351"]

1.e4 g6 2.d4 Bg7 3.Nc3 d6 4.f4 Nf6 5.Nf3 O-O 6.Be2 c5 7.dxc5 Qa5 8.Bd3 Qxc5
9.Qe2 Nc6 10.Be3 Qa5 11.O-O Bg4 12.h3 Bxf3 13.Qxf3 Nd7 14.Nd1 Nc5 15.Qe2 Nb4
16.Qd2 Ncxd3 17.cxd3 Qb5 18.d4 Rac8 19.Nc3 Qd3 20.Nd5 Qxd2 21.Nxe7+ Kh8 22.Bxd2 Rc4
23.e5 dxe5 24.dxe5 Nd3 25.Nd5 Rd8 26.Nf6 Nxb2 27.Be3 b6 28.Rac1 Bf8 29.Rb1 Na4
30.Rbd1 Rcc8 31.Rxd8 Rxd8 32.Rc1 Bc5 33.Bxc5 Nxc5 34.Rc2 Rd4 35.g3 h5 36.h4 Kg7
37.Ne8+ Kf8 38.Nd6 Rd3 39.Kf2 Ke7 40.Nc8+ Ke6 41.Nxa7 Ne4+ 42.Ke2 Rxg3 43.Rc6+ Kf5
44.Rxb6 Kxf4 45.Rb7 Re3+ 46.Kd1 Kxe5 47.Rxf7 Ra3 48.Nc6+ Kd5 49.Nb4+ Kc5
50.Rf4 Nc3+ 51.Kc2 Ne2 52.Re4 Nd4+ 53.Kd2 Ra4 54.a3 Ra8 55.Re3 Nf5 56.Re6 Nxh4
57.Nd3+ Kd4 58.Nf4 Rxa3 59.Nxg6 Ra2+ 60.Ke1 Ng2+ 61.Kf1 Ne3+ 62.Kg1 Rg2+
63.Kh1 Re2 64.Re7 Rf2 65.Nh4 Ng4 66.Ng6 Rf6 67.Nh4 Rf2 68.Ng6 Nf6 69.Nh4 Ne4
70.Kg1 Rf4 71.Rd7+ Kc5 72.Ng2 Rg4 73.Kh2 Ng5 74.Rd3 h4 75.Nxh4 Rxh4+ 76.Kg2 Ne6
77.Rd7 Nd4 78.Kg3 Re4 79.Rd8 Kc4 80.Ra8 Re3+ 81.Kf4 Rb3 82.Ra4+ Kd3 83.Ra8 Ne6+
84.Ke5 Nd4 85.Kf4 Rb7 86.Ra3+ Nb3 87.Ke5 Rb5+ 88.Kf4 Kd4 89.Ra4+ Kd5 90.Ra8 Nc5
91.Rd8+ Kc4 92.Ra8 Ne6+ 93.Ke4 Nc5+ 94.Kf4 Kd5 95.Rd8+ Ke6 96.Ra8 Rb4+ 97.Kf3 Ke5
98.Ra5 Rb3+ 99.Kg4 Kd6 100.Ra8 Ne6 101.Kf5 Rb5+ 102.Ke4 Rb4+ 103.Ke3 Kd5
104.Ra5+ Nc5 105.Ra8 Re4+ 106.Kf3 Re6 107.Ra5 Kd4 108.Ra8 Rf6+ 109.Ke2 Re6+
110.Kf3 Rf6+ 111.Ke2 Rd6 112.Kf3 Rd5 113.Ke2 Re5+ 114.Kf3 Rd5 115.Ke2 Kc3
116.Ra3+ Nb3 117.Ra8 Re5+ 118.Kf3 Kd3 119.Rd8+ Nd4+ 120.Kf4 Re1 121.Kg4 Rf1
122.Rd7 Ke4 123.Re7+ Kd5 124.Rd7+ Ke5 125.Re7+ Ne6 126.Ra7 Rf4+ 127.Kg3 Rf1
128.Ra5+ Ke4 129.Ra8 Rg1+ 130.Kf2 Rb1 131.Ra4+ Nd4 132.Kg3 Rb8 133.Kf2 Rg8
134.Ra7 Kf4 135.Ra4 Rd8 136.Rb4 Ke4 137.Ra4 Rh8 138.Kg3 Rg8+ 139.Kf2 Rf8+
140.Kg3 Rf3+ 141.Kg2 Rd3 142.Ra8 Nf5 143.Ra4+ Ke3 144.Kh3 Kf3 145.Ra5 Ne3
146.Kh4 Rd8 147.Kg5 Rg8+ 148.Kf6 Ke4 149.Ra4+ Kd5 150.Ra3  1/2-1/2

[Event "Open"]
[Site "Batumi GEO"]
[Date "2001.06.30"]
[Round "5"]
[White "Shovunov,B"]
[Black "Sturua,Z"]
[Result "0-1"]
[WhiteElo "2367"]
[BlackElo "2600"]

1.e4 g6 2.d4 Bg7 3.Nc3 d6 4.Be3 a6 5.a4 Nc6 6.h3 Nf6 7.g3 O-O 8.Bg2 e5 9.Nge2 Bd7
10.O-O Re8 11.d5 Ne7 12.a5 c6 13.Na4 cxd5 14.Nb6 Nxe4 15.Nxa8 Qxa8 16.c4 Bc6
17.Bxe4 dxe4 18.Nc3 Qc8 19.Kh2 Qe6 20.h4 f5 21.Bg5 f4 22.Bxe7 Rxe7 23.Nd5 Rf7
24.Nb6 Bf6 25.Rh1 e3 26.Nd5 exf2 27.gxf4 Bxh4 28.Qf3 Rxf4 29.Nxf4 Qf5 30.Qd3 Qxf4+
31.Kh3 Be7  0-1

[Event "12th Open"]
[Site "Ljubljana SLO"]
[Date "2001.06.30"]
[Round "8"]
[White "Novak,G"]
[Black "Cosic,R"]
[Result "1-0"]
[WhiteElo "2172"]
[BlackElo "2105"]

1.e4 g6 2.d4 d6 3.Nc3 Bg7 4.Be2 Nc6 5.Be3 e5 6.d5 Nce7 7.Qd2 f5 8.f3 Nf6
9.Bh6 O-O 10.Nh3 c6 11.O-O-O cxd5 12.Nxd5 Nexd5 13.exd5 Bxh6 14.Qxh6 Qa5
15.Kb1 Bd7 16.Ng5 Bb5 17.c4 Ba4 18.Rde1 b5 19.c5 Qd2 20.h4 Rab8 21.c6 Rbc8
22.h5 gxh5 23.Bd1 Rc7 24.Bxa4 Rg7 25.Qxg7+ Kxg7 26.Ne6+ Kf7 27.Nxf8 bxa4
28.Rc1 Ne8 29.Rhd1 Qa5 30.Ne6 Nc7 31.Nxc7 Qxc7 32.Rc4 Kg6 33.Rb4 a3 34.b3 e4
35.Rb7 Qc8 36.Rc1 Kg5 37.c7 Qxb7 38.c8=Q Qxc8 39.Rxc8 exf3 40.gxf3 Kf4 41.Rc7 Kxf3
42.Rxh7 Kg4 43.Rg7+ Kf3 44.Rxa7  1-0

[Event "12th Open"]
[Site "Ljubljana SLO"]
[Date "2001.06.30"]
[Round "8"]
[White "Pavasovic,D"]
[Black "Ciglic,B"]
[Result "1-0"]
[WhiteElo "2515"]
[BlackElo "2136"]

1.e4 d6 2.d4 g6 3.Nc3 Bg7 4.Be3 c6 5.Qd2 Nf6 6.Bh6 Bxh6 7.Qxh6 Qa5 8.Qd2 Nbd7
9.Nf3 b5 10.Bd3 b4 11.Ne2 Ba6 12.O-O Bxd3 13.Qxd3 O-O 14.Ng3 Nh5 15.Rfe1 Nxg3
16.hxg3 Qb5 17.Qe3 Rfe8 18.e5 Qd5 19.exd6 Qxd6 20.Qh6 Rab8 21.Ng5 Nf8 22.Re4 Rb5
23.Rh4 Qf6 24.Nxh7 Qxh4 25.gxh4 Nxh7 26.Re1 Nf6 27.Qf4 Nd5 28.Qg4 Rb7 29.Qf3  1-0

[Event "ch-LIB"]
[Site "Beruit LIB"]
[Date "2001.07.01"]
[Round "5.1"]
[White "Kassis,A"]
[Black "Abdulaziz,M"]
[Result "1-0"]
[WhiteElo "2180"]
[BlackElo "2164"]

1.e4 d6 2.d4 g6 3.Nc3 Bg7 4.f4 Nf6 5.Nf3 c5 6.Bb5+ Bd7 7.e5 Ng4 8.Bxd7+ Qxd7
9.d5 dxe5 10.h3 e4 11.Nxe4 Nf6 12.Nxf6+ Bxf6 13.O-O O-O 14.Be3 Na6 15.Ne5 Qc7
16.Ng4 Bg7 17.f5 Rad8 18.Nh6+ Kh8 19.fxg6 fxg6 20.Nf7+ Rxf7 21.Rxf7 Bf6 22.Bh6 Qd6
23.Rf8+ Rxf8 24.Bxf8 g5 25.Qh5 Nc7 26.Bh6 Qf4 27.h4 Bxb2 28.Rd1 Bd4+ 29.Kh1 Qf5
30.Qxg5 Qxg5 31.hxg5 Nxd5 32.Rf1 Bg7 33.Rf5 e6 34.Rf7 Bxh6 35.gxh6 Kg8 36.Rg7+  1-0

[Event "6th Leg Russian Cup"]
[Site "Tomsk RUS"]
[Date "2001.07.01"]
[Round "2"]
[White "Grunina,N"]
[Black "Smirnov,P"]
[Result "0-1"]
[WhiteElo "2065"]
[BlackElo "2511"]

1.e4 g6 2.d4 Bg7 3.Nc3 d6 4.Be3 a6 5.a4 b6 6.Bd3 Bb7 7.f3 Nd7 8.Nge2 e6 9.O-O Ne7
10.Qd2 h6 11.Rad1 c5 12.dxc5 dxc5 13.f4 Qc7 14.Ng3 O-O-O 15.Qe2 Bd4 16.Bxd4 cxd4
17.Na2 Nc5 18.Nb4 Nxd3 19.Nxd3 Kb8 20.Ne5 Nc6 21.Nf3 f5 22.Qd2 g5 23.fxg5 f4
24.Ne2 e5 25.g6 Rhg8 26.Nh4 Na5 27.Qe1 Nc4 28.Nf5 Rxg6 29.b3 Ne3 30.Nxe3 fxe3
31.Qh4 Rdg8 32.g3 Qxc2  0-1

[Event "Open"]
[Site "Batumi GEO"]
[Date "2001.07.03"]
[Round "7"]
[White "Gharamian,T"]
[Black "Shalamberidze,A"]
[Result "0-1"]
[WhiteElo "2228"]
[BlackElo "2404"]

1.e4 g6 2.d4 Bg7 3.Nc3 d6 4.f4 Nf6 5.Nf3 O-O 6.Bd3 Na6 7.O-O c5 8.d5 Rb8
9.Qe2 Nc7 10.a4 Re8 11.Bc4 a6 12.Rd1 Bd7 13.e5 b5 14.Ba2 b4 15.Nb1 Ng4 16.Bc4 Bc8
17.h3 Nh6 18.Nbd2 dxe5 19.fxe5 Nf5 20.Nb3 Bb7 21.Qd3 e6 22.d6 Nd5 23.Re1 Qc8
24.Bg5 h6 25.Bd2 Rd8 26.g4 Nd4 27.Nbxd4 cxd4 28.Bb3 Qc5 29.Qxd4 Qc6 30.Qd3 Nb6
31.Kf2 Nd7 32.Re3 Nc5 33.Qc4 a5 34.Rae1 Bxe5 35.R1e2 Bg7 36.Qf4 Nxb3 37.cxb3 Rxd6
38.Re4 Rbd8 39.h4 Rd3 40.Ke1 Qc2 41.Rc4 Qxb3 42.Nh2 e5  0-1

[Event "Open"]
[Site "Batumi GEO"]
[Date "2001.07.03"]
[Round "7"]
[White "Shengelia,D"]
[Black "Sturua,Z"]
[Result "1/2-1/2"]
[WhiteElo "2385"]
[BlackElo "2600"]

1.e4 g6 2.d4 Bg7 3.Nc3 d6 4.g3 Nc6 5.d5 Ne5 6.f4 Nd7 7.Bg2 Ngf6 8.Nf3 O-O
9.O-O c6 10.Be3 cxd5 11.exd5 Nb6 12.Bd4 Re8 13.Re1 Bd7 14.a4 Bg4 15.h3 Bc8
16.b3 a5 17.Ng5 Nbd7 18.Nce4 h6 19.Nxf6+ Nxf6 20.Ne4 Nxe4 21.Rxe4 Bf5 22.Re2 h5
23.Bxg7 Kxg7 24.Qd4+ f6 25.Rae1 Kf7 26.Kh2 Qc8 27.c4 Qc5 28.Qxc5 dxc5 29.Bf3 Bd7
30.g4 h4 31.f5 g5 32.Kg2 Rad8 33.Kf2 Bc8 34.Re3  1/2-1/2

[Event "Open"]
[Site "Batumi GEO"]
[Date "2001.07.03"]
[Round "7"]
[White "Sahakian,A"]
[Black "Manukian,L"]
[Result "0-1"]
[WhiteElo "2022"]
[BlackElo "2270"]

1.e4 g6 2.d4 Bg7 3.Nc3 d6 4.Nf3 Nf6 5.Be2 c6 6.O-O O-O 7.Re1 Qc7 8.h3 e5
9.Bg5 h6 10.Bxf6 Bxf6 11.d5 c5 12.a4 Qe7 13.Rf1 Bg7 14.Nd2 Nd7 15.a5 f5 16.a6 b6
17.Nc4 Nf6 18.Bf3 Bd7 19.Qe2 f4 20.Rfb1 Rac8 21.b4 cxb4 22.Rxb4 Rc5 23.Qe1 h5
24.Na3 g5 25.Nab5 Ra8 26.Be2 g4 27.Na4 f3 28.Bd3 fxg2 29.Nxc5 bxc5 30.Rb3 gxh3
31.Nc7 Rf8 32.Bc4 Nh7 33.Ne6 Ng5 34.Nxg5 Qxg5 35.Rg3 Qh4 36.Qe3 Rf4 37.Re1 Rxe4  0-1

[Event "ch-SWE"]
[Site "Linkoping SWE"]
[Date "2001.07.05"]
[Round "6"]
[White "Couso,L"]
[Black "Akesson,R"]
[Result "1-0"]
[WhiteElo "2324"]
[BlackElo "2463"]

1.e4 g6 2.d4 Bg7 3.Nc3 d6 4.Be3 a6 5.Qd2 Nd7 6.a4 b6 7.f3 Bb7 8.Nh3 e6 9.Be2 h6
10.Nf2 Ne7 11.O-O d5 12.exd5 exd5 13.Rfe1 c5 14.Bf1 Kf8 15.dxc5 bxc5 16.Bf4 Kg8
17.Rad1 Kh7 18.Ng4 h5 19.Ne5 Nxe5 20.Bxe5 f6 21.Bf4 Re8 22.Re6 Qd7 23.Rd6 Qc8
24.Re1 d4 25.Ne4 Nd5 26.Bc4 Qf5 27.Bxd5 Bxd5 28.Nxc5 Rxe1+ 29.Qxe1 Bxf3 30.Ne6 Be4
31.Bg3 Re8 32.Nxd4 Qc5 33.Qf2 h4 34.Ne6 Qh5 35.Nxg7 hxg3 36.hxg3 Kxg7 37.Qxf6+ Kh6
38.Qf4+ Qg5 39.Qf7 Qe3+  1-0

[Event "ch-SCO"]
[Site "Aberdeen SCO"]
[Date "2001.07.07"]
[Round "1"]
[White "Rutherford,E"]
[Black "McNab,C"]
[Result "0-1"]
[WhiteElo "2117"]
[BlackElo "2437"]

1.d4 d6 2.e4 g6 3.Nc3 Bg7 4.Be3 Nf6 5.Qd2 c6 6.Bh6 Bxh6 7.Qxh6 Qa5 8.Bd3 c5
9.Ne2 cxd4 10.Nxd4 Qb6 11.O-O-O Nc6 12.Bb5 Bd7 13.Qe3 O-O-O 14.Nd5 Nxd5 15.exd5 Ne5
16.Be2 Qc5 17.Qb3 g5 18.h4 h6 19.h5 Kb8 20.Ba6 Qc7 21.Rhe1 Ka8 22.Be2 Rc8
23.f3 Qa5 24.Bb5 Bxb5 25.Nxb5 Rc5 26.Nd4 Rxd5 27.Nf5 Nd3+ 28.cxd3 Rxf5 29.Rxe7 Rb5
30.Qxf7 Rc8+ 31.Kb1 Rxb2+ 32.Kxb2 Qc3+ 33.Kb1 Qc2+ 34.Ka1 Qxd1+ 35.Kb2 Qc1+
36.Kb3 Rc3+  0-1

[Event "10th AKN Weekender"]
[Site "Haarlem NED"]
[Date "2001.07.08"]
[Round "6"]
[White "Roobol,M"]
[Black "Davies,N"]
[Result "1/2-1/2"]
[WhiteElo "2261"]
[BlackElo "2476"]

1.d4 d6 2.e4 g6 3.Nc3 Bg7 4.Be3 a6 5.Qd2 Nd7 6.f3 b5 7.a4 b4 8.Nd5 c5 9.dxc5 dxc5
10.Bf4 Ra7 11.O-O-O e6 12.Ne3 Bxb2+ 13.Kxb2 Qf6+ 14.Kb1 Qxf4 15.Nh3 Qh6 16.g4 Ne7
17.g5 Qg7 18.Qd6 Qe5 19.Ng4 Qxd6 20.Rxd6 O-O 21.Bc4 Nb8 22.Ne5 Rc7 23.Nf2 Nbc6
24.Nfg4 h5 25.gxh6 f5 26.exf5 gxf5 27.Nxc6 Rxc6 28.Rxc6 Nxc6 29.Ne3 Kh7 30.Rg1 Kxh6
31.f4 Nd4 32.Kb2 Bd7 33.Bxa6 Bxa4 34.Bd3 Bc6 35.c3 bxc3+ 36.Kxc3 Rb8 37.Bc4 Ra8
38.Nc2 Nxc2 39.Kxc2 Bd5 40.Bxd5 exd5 41.Rg5 d4 42.Rxf5 c4 43.Rc5 Ra2+ 44.Kb1 Ra4
45.Kb2 c3+ 46.Kb3 Ra1 47.Rd5 Rd1 48.Kc2 Rd2+ 49.Kc1 Kg6 50.h4 Kf6 51.h5 Ke6
52.Rd8 Ke7 53.Rd5 Ke6 54.Rd8 Kf6 55.h6 Kg6 56.Rd6+ Kh7 57.f5 Rd3 58.Kc2 Rd2+
59.Kc1 d3 60.Rc6 Rc2+ 61.Kd1 Rd2+ 62.Kc1 Rb2  1/2-1/2

[Event "Australian Masters"]
[Site "Melbourne AUS"]
[Date "2001.07.08"]
[Round "2"]
[White "West,G"]
[Black "Dizdarevic,M"]
[Result "1-0"]
[WhiteElo "2363"]
[BlackElo "2095"]

1.e4 g6 2.d4 d6 3.Nc3 Bg7 4.Be3 c6 5.Nf3 Nd7 6.a4 Qa5 7.Bd3 Ngf6 8.O-O O-O
9.h3 e5 10.dxe5 dxe5 11.Nd2 Re8 12.Qf3 Nf8 13.Nc4 Qb4 14.a5 Qe7 15.Na4 N6d7
16.c3 f5 17.Rad1 f4 18.Bc1 Ne6 19.Bc2 Ng5 20.Qd3 Nf6 21.Qd6 Nf7 22.Qxe7 Rxe7
23.Nc5 Bf8 24.f3 Re8 25.Nd3 g5 26.b4 h5 27.Kf2 Bd7 28.Bb3 Kg7 29.Nd2 Be6
30.Bb2 Rad8 31.Ke2 Nd7 32.Bxe6 Rxe6 33.c4 Be7 34.h4 Kg6 35.hxg5 Kxg5 36.c5 b5
37.Rh1 Rh6 38.Nf1 Bf6 39.g3 fxg3 40.Bc1+ Kg6 41.Bxh6 g2 42.Rg1 Kxh6 43.Ne3 Nf8
44.Nf5+ Kh7 45.Rxg2 Ne6 46.Rh1 Bg5 47.Rxh5+ Kg6 48.Rhh2 Kf6 49.Rg1 Nd4+ 50.Nxd4 Rxd4
51.Rhg2 Rc4 52.Rd1 Rd4 53.Rgg1 Nd8 54.Nxe5 Rxd1 55.Ng4+  1-0

[Event "ch-SCO"]
[Site "Aberdeen SCO"]
[Date "2001.07.09"]
[Round "3"]
[White "Bryson,D"]
[Black "McNab,C"]
[Result "1/2-1/2"]
[WhiteElo "2375"]
[BlackElo "2437"]

1.e4 g6 2.d4 d6 3.Nc3 Bg7 4.f4 Nf6 5.Nf3 O-O 6.Bd3 Nc6 7.O-O e5 8.fxe5 dxe5
9.d5 Ne7 10.Nxe5 c6 11.Bg5 cxd5 12.Bxf6 Qb6+ 13.Kh1 Bxf6 14.Nxd5 Nxd5 15.Nc4 Qd8
16.exd5 b5 17.Na5 Bh4 18.b4 Qxd5 19.c4 bxc4 20.Bxc4 Qe5 21.Qb3 Bf5 22.Nc6 Qc7
23.Bd5 Rae8 24.Qc4 Bf6 25.Rae1 Rxe1 26.Rxe1 Kg7 27.Qc5 a6 28.Ne7 Qd7 29.Nxf5+ Qxf5
30.Bc4 Qxc5 31.bxc5 Rc8 32.Bxa6 Rxc5 33.a4 Rc2  1/2-1/2